Chinese economy 2040 : (Record no. 586513)

000 -LEADER
fixed length control field 00470nam a22001337a 4500
020 ## - INTERNATIONAL STANDARD BOOK NUMBER
International Standard Book Number 9787300247069
040 ## - CATALOGING SOURCE
Transcribing agency NUST CL
082 ## - DEWEY DECIMAL CLASSIFICATION NUMBER
Classification number 330.951
Author Mark LIA
100 ## - MAIN ENTRY--PERSONAL NAME
Personal name Liang , Guoyong
9 (RLIN) 83144
245 ## - TITLE STATEMENT
Title Chinese economy 2040 :
Remainder of title the changing landscape of globalization and a new path for development /
Statement of responsibility, etc. Guoyong Liang; Window to China.
260 ## - PUBLICATION, DISTRIBUTION, ETC.
Name of publisher, distributor, etc. Beijing :
Place of publication, distribution, etc. China Renmin University Press,
Date of publication, distribution, etc. 2017.
300 ## - PHYSICAL DESCRIPTION
Extent 320 pages : illustrations ; 23 cm.
942 ## - ADDED ENTRY ELEMENTS (KOHA)
Source of classification or shelving scheme
Koha item type Book
Holdings
Withdrawn status Lost status Source of classification or shelving scheme Damaged status Not for loan Permanent Location Current Location Shelving location Date acquired Total Checkouts Full call number Barcode Date last seen Date last checked out Price effective from Koha item type
          Central Library (CL) Central Library (CL) Chinese Studies 10/06/2021 1 330.951 LIA CL-D-1223 04/09/2025 02/26/2025 10/14/2021 Book
          Central Library (CL) Central Library (CL) Chinese Studies 10/06/2021 1 330.951 LIA CL-D-1224 12/31/2024 11/26/2024 10/14/2021 Book
© 2023 Central Library, National University of Sciences and Technology. All Rights Reserved.